| 000 | 00805nam a22001937a 4500 | ||
|---|---|---|---|
| 003 | 0 | ||
| 005 | 20250115153046.0 | ||
| 008 | 160118b xxu||||| |||| 00| 0 eng d | ||
| 050 |
_aPHS LB 3609 _b.N163 2015 |
||
| 100 | _aNakano, Megu | ||
| 245 |
_aThe behavior of Southville International School and Ramon Pascual Institute graduating high school students towards academic performance in history in terms of language of instruction _c Megu Nakano |
||
| 260 |
_aLas PiƱas, Philippines : _bSouthville International School and Colleges, _c2015. |
||
| 300 |
_aiii, 17 p. : _bill. ; _c28 cm. |
||
| 504 | _aIncludes bibliographical references. | ||
| 650 |
_aHigh school student _vBehavior. |
||
| 650 |
_aStudents _vAttitudes _xLanguage of instruction. |
||
| 650 | _aLanguage and education. | ||
| 942 |
_2lcc _cPASS |
||
| 999 |
_c290436 _d290436 |
||